000 01115nam a2200313 a 4500
003 MX-MxUPN
005 20260406101041.0
007 cr |||aaaaaaa|
008 260401s2024 ck|bd|||o ||| 000 0 spa d
020 _a9786287760486
040 _aMX-MxUPN
_bspa
_eaacr2
041 0 _aspa
050 1 4 _aG73
100 1 _aCely Rodríguez, Alexánder
_959061
100 1 _aMoreno Lache, Nubia
_959058
100 1 _aCastellanos Sepúlveda, Luis Felipe
_959204
100 1 _aLombana Martínez, Óscar Iván
_959205
100 1 _aÁlvarez Naranjo, Juan Camilo
_959206
245 1 0 _aQué geografía aprender :
_bqué geografía enseñar
_h[recurso electrónico en línea]
250 _aPrimera edición
260 _aBogotá, Colombia :
_bUniversidad Pedagógica Nacional,
_c2024
300 _a1 recurso en línea (142 páginas) :
_bmapas, gráficas, PDF
490 0 _aColección Ciencias sociales y humanidades
506 0 _aAcceso abierto
650 4 _aGeografía
_xEstudio y enseñanza
_910181
856 4 0 _uhttp://hdl.handle.net/20.500.12209/21364
902 _aJohanaAllegre/010426
942 _2lcc
_cLIBRO-E
999 _c214913
_d214913